000 00520nam a2200181Ia 4500
001 16596
005 20260306170321.0
008 260306t2019||||xx |||||||||||||| ||und||
041 _aESP
082 _a348.8
_bC24
100 _aCamacho-Ramírez, Adriana
_eAUT
245 0 _aDe la estabilidad laboral relativa, ¿a la estabilidad laboral absoluta?:
_bestabilidad laboral reforzada en el empleo
260 _c2019
300 _a141 páginas :
_c21 cm.
650 _aGEN
654 _aCDE
942 _cLIB
_dJUS
_fJUS
_2ddc
_n
999 _c16596
_d16596